Ioh, qué lugar más bello! /
Guardado en:
| Autor Principal: | |
|---|---|
| Formato: | Libro |
| Publicado: |
Buenos Aires :
Barnacle,
2017
|
| Materias: | |
| Etiquetas: |
Agregar Etiqueta
Sin Etiquetas, Sea el primero en etiquetar este registro!
|
| LEADER | 00579nam a22001935a 4500 | ||
|---|---|---|---|
| 001 | EHU.bham045294 | ||
| 003 | AR-BHAM | ||
| 005 | 20180731115827.0 | ||
| 008 | 130507s2017##################000#0#####d | ||
| 020 | |a 9789874044075 | ||
| 082 | A | 8 | |a 861.5 |
| 100 | 1 | |a Arens, Germán | |
| 245 | 1 | 0 | |a Ioh, qué lugar más bello! / |c Germán Arens |
| 260 | |a Buenos Aires : |b Barnacle, |c 2017 | ||
| 300 | |a 51 p. | ||
| 653 | |a Literatura argentina-2000- | ||
| 653 | |a Poesía argentina-2000- | ||
| 653 | |a Literatura bahiense-2000- | ||
| 859 | |a AR-BHAM |b BIB. HUMANIDADES - General |h A861.5 |i Ar33-6 |k A |p 187.18 |t Ej.1 | ||
